LEADER 00911nam0-22003011i-450- 001 990002541930403321 035 $a000254193 035 $aFED01000254193 035 $a(Aleph)000254193FED01 035 $a000254193 100 $a20000920d1965----km-y0itay50------ba 101 0 $aENG 200 1 $a<>Introduction to Mathematical Learning Theory$fRichard C. Atkinson , Gordon H. Bower , Edward J. Crothers. 210 $aNew York$cJohn Wiley$d1965. 215 $axiii, 429 p.$d24 cm 610 0 $aProbabilità, Processi stocastici 676 $a519 700 1$aAtkinson,$bRichard C.$050808 702 1$aBower,$bGordon H. 702 1$aCrothers,$bEdward J. 801 0$aIT$bUNINA$gRICA$2UNIMARC 901 $aBK 912 $a990002541930403321 952 $aMIII-A-166$b676$fMAS 959 $aMAS 996 $aIntroduction to Mathematical Learning Theory$9335778 997 $aUNINA DB $aING01 LEADER 00950nam0-2200325---450- 001 990009939490403321 005 20150210124122.0 010 $a978-1-4471-5306-1 035 $a000993949 035 $aFED01000993949 035 $a(Aleph)000993949FED01 035 $a000993949 100 $a20150210d2013----km-y0itay50------ba 101 0 $aeng 105 $aa-------001yy 200 1 $aCleaner Combustion$eDeveloping Detailed Chemical Kinetic Models 210 $aLondon$cSpringer$dc2013 215 $aXIII, 658 p.$cill.$d24 cm 300 $ain testa al frontespizio: Green Energy and Technology 610 0 $aCombustion 700 1$aBATTIN-LECLERC$bFrédérique$0524611 701 1$aSIMMIE,$bJohn M.$0524612 702 1$aBLUROCK$bEdward 801 0$aIT$bUNINA$gRICA$2UNIMARC 901 $aBK 912 $a990009939490403321 952 $a04 000-461$bDIC$fDINCH 959 $aDINCH 996 $aCleaner Combustion$9821988 997 $aUNINA LEADER 00898nam0-2200289 --450 001 9910222160403321 005 20171102081417.0 020 $aIT$b676432 100 $a20171102d1967----kmuy0itay5050 ba 101 0 $aita 102 $aIT 105 $a 001yy 200 1 $aElementi di tecnologia dei materiali come introduzione allo studio del design$fM. Zanuso, R. Piano, R. Lucci 210 $aMilano$cTamburini Editore$d1967 215 $a238 p.$cill.$d24 cm 610 0 $aTecnologia 676 $a600$v16 700 1$aZanuso,$bMarco$f<1916-2001>$01580 701 1$aPiano,$bRenzo$010683 701 1$aLucci,$bRejana$0602646 801 0$aIT$bUNINA$gREICAT$2UNIMARC 901 $aBK 912 $a9910222160403321 952 $aRGT 630$b4390$fDARPU 959 $aDARPU 996 $aElementi di tecnologia dei materiali come introduzione allo studio del design$91494312 997 $aUNINA